000 00207 a2200109 4500
020 _a9781602190931
041 _aspa
100 _aGamble, Adam
245 _aBuenas Noches Texas
942 _cBK
952 _74
999 _c19753
_d19753